|
|
|
|
| LEADER |
00584nam a22001457a 4500 |
| 008 |
210118b ||||| |||| 00| 0 mal d |
| 020 |
|
|
|a 8123724772
|
| 082 |
|
|
|2 22
|a 851.08
|
| 245 |
|
|
|a മധ്യകാല മലയാള കവിത /
|
| 260 |
|
|
|a New Delhi :
|b National Book Trust ,
|c 1998.
|
| 300 |
|
|
|a 273p. ;
|c 22cm.
|
| 653 |
|
|
|a Medieval Malayalam Poetry Collection
|
| 942 |
|
|
|c BK
|
| 999 |
|
|
|c 354583
|d 354583
|
| 952 |
|
|
|0 0
|1 0
|2 ddc
|4 0
|6 851_080000000000000_MAD_M
|7 0
|9 411178
|a UL
|b UL
|c PROC
|d 2021-01-18
|e Donation -I.G.Bhaskara Panikker Family
|o 851.08 MAD M
|p G12054
|r 2021-01-18
|v 60.00
|w 2021-01-18
|y BK
|